000 00745cab a2200241 4500
001 ABS50925
008 090401t1994 xxu||||| |||| 00| 0 eng d
035 _a(Sirsi) u1884
041 _aeng
100 _aCurl, R.
245 _aGood morning, Vietnam
260 _c1994
350 _a0
490 _aBuilding Market Report
_vJune 1994, 6-7(2)
520 _aDiscusses the risks and rewards of working in Vietnam, the latest Asian boom market since the USA lifted its trade embargo earlier this year. Includes a list of key contacts.
650 _aCONSTRUCTION MARKET
650 _aFOREIGN INVESTMENT
650 _aVIETNAM
690 _aBUILT ENVIRONMENT
690 _aOVERSEAS-REST OF THE WORLD
942 _n0
948 _c04/03/1997
999 _c1099
_d1099